00615nam a2200193Ia 4500008004100000020001400041082001600055100001800071245001800089250000700107260004500114300002900159500001900188600002700207650005000234942000700284952011500291999001500406240925s9999 xx 000 0 und d a135343488 a005.133 LAF aLaffra, Chris 0aAdvanced Java aNA aNew Jersey:bPrintice- Hall Int.c,1997. axxvi,517p.bNAfOriginal aIncludes Index aEngineering Technology aComputer science, information & general works cBK 001040708ETaUITUbUITUd2000-07-28eNAg195.00l0o005.133 LAFpQ2553r2024-09-25 07:12:50w2024-09-25yBK c5052d5052